000 00968nam a22002417a 4500
005 20090521135920.0
008 090521t xxu||||| |||| 00| 0 eng d
010 _aENG-93646
020 _a8186877223
_c395.00
035 _aEN-77179
037 _bDBAD / PUB
040 _adpl
_bEnglish
082 _a000
100 _aAbul Hashem
245 _aR. Gupta's popular master guide M.B.A. entrance examinations :
_cby Abul Hashem [and] Anjani A. Gupta
_bGGS Indraprastha University /
260 _aNew Delhi
_bRamesh Publishing House
_c2009
270 _a12-H, New Daryaganj Road, Opp. Traffic Kotwali,
_bNew Delhi
_e110002
300 _aVarious pagings
_c25cm(pbk)
650 _aMaster in Business Administration entrance examinations
700 _aGupta, Anjani A.
942 _2ddc
_cEN
_mRGU
_h000
999 _c26663
_d26663